000 00501nam a2200181Ia 4500
005 20250326124115.0
008 250326s9999 xx 000 0 und d
037 _aTextbook
040 _aFMSL
_beng
_cFMSL
041 _aeng
_2eng
084 _aX.10aW K8
_qFMSL
100 _aYoung G K
_9736777
245 0 _aFice and world power: political commentary
_cYoung G K
260 _aLondon
_bLondon, Nelson
_c1968
300 _a221p
942 _cTB
_hX.10aW K8
999 _c1272309
_d1272309